[Event "Rhein Main op-A 24th"]
[Site "Bad Homburg"]
[Date "2022.06.18"]
[Round "5"]
[White "Kirchner, Markus"]
[Black "Heutling, Elina"]
[Result "1-0"]
[WhiteElo "2039"]
[BlackElo "1798"]
[PlyCount "117"]
[EventDate "2022.06.15"]
[EventType "swiss"]
[EventRounds "7"]
[EventCountry "GER"]
[SourceTitle "EXT 2023"]
[Source "ChessBase"]
[SourceDate "2022.10.05"]
[SourceVersion "1"]
[SourceVersionDate "2022.10.05"]
[SourceQuality "1"]

1. f4 e5 2. fxe5 d6 3. exd6 Bxd6 4. Nf3 g5 5. g3 g4 6. Nh4 Ne7 7. d4 Ng6 8. Nxg6 hxg6 9. Qd3 Nc6 10. c3 Bf5 11. e4 Qe7 12. Bg2 0-0-0 13. Be3 Be6 14. Ke2 f5 15. Nd2 Rh5 16. e5 Bxe5 17. Bxc6 bxc6 18. Qa6+ Kd7 19. dxe5 Bd5 20. Rad1 Ke8 21. c4 Bxh1 22. Rxh1 Qxe5 23. Qxc6+ Kf7 24. Qc5 f4 25. Qxe5 f3+ 26. Kf2 Rxe5 27. Re1 Rh8 28. Nf1 Rb8 29. Bc1 Rxe1 30. Kxe1 Rh8 31. Kf2 c6 32. Bd2 Ke6 33. Bc3 Rh7 34. Kg1 Kf5 35. Ne3+ Kg5 36. Bd2 Rd7 37. Bc1 Kh5 38. Kf2 g5 39. b4 a6 40. a4 Rd3 41. a5 Rb3 42. Bd2 Rb1 43. c5 Rb2 44. Nf1 Rb1 45. Be1 Kg6 46. Ne3 Rb2+ 47. Kf1 Kh5 48. Nc4 Re2 49. Nb6 Kg6 50. Nd7 Rxh2 51. Bf2 Kf5 52. Nb8 Rh6 53. Nxa6 Rh1+ 54. Bg1 Ke4 55. b5 Kd3 56. Nb4+ Kd2 57. b6 Rxg1+ 58. Kxg1 Ke2 59. Nd3 1-0

[Event "Rhein Main op-A 24th"]
[Site "Bad Homburg"]
[Date "2022.06.18"]
[Round "6"]
[White "Puschendorf, Steffen"]
[Black "Kirchner, Markus"]
[Result "1/2-1/2"]
[WhiteElo "2140"]
[BlackElo "2039"]
[PlyCount "97"]
[EventDate "2022.06.15"]
[EventType "swiss"]
[EventRounds "7"]
[EventCountry "GER"]
[SourceTitle "EXT 2023"]
[Source "ChessBase"]
[SourceDate "2022.10.05"]
[SourceVersion "1"]
[SourceVersionDate "2022.10.05"]
[SourceQuality "1"]

1. d4 f5 2. c4 Nf6 3. Nc3 g6 4. Nf3 Bg7 5. Bf4 0-0 6. e3 d6 7. c5 h6 8. Qb3+ Kh8 9. h4 Nh5 10. 0-0-0 b6 11. Bc4 Nc6 12. Bd5 Na5 13. Qa4 Rb8 14. cxd6 cxd6 15. Nd2 Bd7 16. Qa3 Nxf4 17. exf4 Bxd4 18. h5 Kg7 19. hxg6 Qc7 20. Rh3 e6 21. Nb3 Bc5 22. Nxc5 Qxc5 23. Qxc5 bxc5 24. Bf3 d5 25. Rdh1 Rh8 26. g4 d4 27. Ne2 Bc6 28. Bxc6 Nxc6 29. Rg1 Ne7 30. Ra3 Rb7 31. Ra6 Nd5 32. gxf5 d3 33. Ng3 Nxf4 34. fxe6 Rf8 35. Rd6 Ne2+ 36. Nxe2 dxe2 37. Re1 Rxf2 38. b3 Kxg6 39. Kd2 Kf6 40. e7+ Kxe7 41. Rxh6 Kd7 42. Ke3 Rf7 43. Rxe2 Re7+ 44. Kd3 Rxe2 45. Kxe2 Kc7 46. Kd3 Rb4 47. Kc3 Rg4 48. a4 Rf4 49. Rg6 1/2-1/2

[Event "Rhein Main op-A 24th"]
[Site "Bad Homburg"]
[Date "2022.06.15"]
[Round "1"]
[White "Arugadoss, Bharath"]
[Black "Kirchner, Markus"]
[Result "0-1"]
[WhiteElo "1762"]
[BlackElo "2039"]
[PlyCount "26"]
[EventDate "2022.06.15"]
[EventType "swiss"]
[EventRounds "7"]
[EventCountry "GER"]
[SourceTitle "EXT 2023"]
[Source "ChessBase"]
[SourceDate "2022.10.05"]
[SourceVersion "1"]
[SourceVersionDate "2022.10.05"]
[SourceQuality "1"]

1. b3 f5 2. Bb2 d6 3. d4 Nf6 4. e3 g6 5. Nf3 Bg7 6. Bc4 e6 7. 0-0 0-0 8. b4 h6 9. Bb3 Kh7 10. c4 g5 11. Qc2 Qe8 12. Qd1 Bd7 13. Nc3 Kh8 0-1

[Event "Oberliga Ost-B 2122"]
[Site "Germany"]
[Date "2022.05.01"]
[Round "3.6"]
[White "Kirchner, Markus"]
[Black "Wohlfart, Paulus"]
[Result "1-0"]
[WhiteElo "1963"]
[BlackElo "2109"]
[PlyCount "103"]
[EventDate "2021.10.10"]
[EventType "team-tourn"]
[EventRounds "11"]
[EventCountry "GER"]
[SourceTitle "EXT 2023"]
[Source "ChessBase"]
[SourceDate "2022.10.05"]
[SourceVersion "1"]
[SourceVersionDate "2022.10.05"]
[SourceQuality "1"]
[WhiteTeam "Schoeneck"]
[BlackTeam "Moerlenbach Birkenau"]
[WhiteTeamCountry "GER"]
[BlackTeamCountry "GER"]

1. e4 e5 2. Nf3 Nf6 3. Nxe5 d6 4. Nf3 Nxe4 5. d4 Be7 6. Bd3 Nf6 7. h3 0-0 8. 0-0 Re8 9. c4 Nbd7 10. Nc3 Nf8 11. Rb1 d5 12. c5 Be6 13. b4 Qc8 14. Bf4 Ng6 15. Bh2 Nh5 16. Ne5 Nhf4 17. Nxg6 Nxg6 18. Bg3 Bf6 19. Re1 Bxd4 20. Nb5 Bf6 21. Nxc7 Rd8 22. Nxa8 Qxa8 23. Qf3 Qc8 24. Rec1 Bg5 25. Rc2 f5 26. Bd6 Qd7 27. Re1 Qf7 28. Rce2 Bd7 29. b5 h6 30. g3 f4 31. Qh5 Nh8 32. Qxf7+ Nxf7 33. Bxf4 Bf6 34. Kg2 g5 35. Bc1 Bc3 36. Bd2 Bd4 37. Be3 Bc3 38. Rc1 Bf6 39. f4 d4 40. Bd2 Rc8 41. a4 g4 42. h4 Kg7 43. Kf2 h5 44. Ree1 Nd8 45. f5 a6 46. bxa6 Bxa4 47. axb7 Nxb7 48. Ba6 Bc6 49. Re6 Bd5 50. Bxb7 Bxb7 51. c6 Ba8 52. Bg5 1-0

[Event "Heusenstamm Sparkassen op-A 7th"]
[Site "Heusenstamm"]
[Date "2021.11.19"]
[Round "3.48"]
[White "Kirchner, Markus"]
[Black "Gollon, Sinan"]
[Result "1-0"]
[WhiteElo "1995"]
[BlackElo "1309"]
[PlyCount "47"]
[EventDate "2021.11.18"]
[EventType "swiss"]
[EventRounds "7"]
[EventCountry "GER"]
[SourceTitle "EXT 2023"]
[Source "ChessBase"]
[SourceDate "2022.10.05"]
[SourceVersion "1"]
[SourceVersionDate "2022.10.05"]
[SourceQuality "1"]

1. e4 e6 2. d4 d5 3. Nd2 dxe4 4. Nxe4 Nf6 5. Bd3 Nc6 6. Nf3 Be7 7. c3 b6 8. Qc2 h6 9. Nxf6+ Bxf6 10. Bf4 Bb7 11. Be4 0-0 12. 0-0-0 Na5 13. h4 Bxe4 14. Qxe4 Qd5 15. Qxd5 exd5 16. Bxc7 Rac8 17. Be5 Rc6 18. Rhe1 Re8 19. Re2 Nc4 20. Rde1 Bxe5 21. Nxe5 Rce6 22. Kd1 Nxb2+ 23. Rxb2 f6 24. Nf3 1-0

[Event "Pfalz op-A 11th"]
[Site "Neustadt an der Weinstrasse"]
[Date "2020.02.22"]
[Round "2"]
[White "Fichter, Fabian"]
[Black "Kirchner, Markus"]
[Result "1-0"]
[WhiteElo "2263"]
[BlackElo "2006"]
[PlyCount "89"]
[EventDate "2020.02.21"]
[EventType "swiss"]
[EventRounds "9"]
[EventCountry "GER"]
[SourceTitle "CBM 195 Extra"]
[Source "ChessBase"]
[SourceDate "2020.05.31"]
[SourceVersion "1"]
[SourceVersionDate "2020.05.31"]
[SourceQuality "1"]

1. e4 e6 2. b3 d5 3. Bb2 Nf6 4. e5 Nfd7 5. Qg4 c5 6. f4 Nc6 7. Nf3 h5 8. Qg3 a6 9. Be2 b5 10. 0-0 Bb7 11. c3 c4 12. d4 cxd3 13. Bxd3 Qb6+ 14. Kh1 Nc5 15. Bc2 0-0-0 16. Nbd2 Qc7 17. Qe1 Kb8 18. Qe2 Be7 19. Rfb1 Nd7 20. b4 Nb6 21. a4 Nc4 22. axb5 axb5 23. Bc1 f6 24. Nxc4 dxc4 25. Be3 f5 26. Qf2 Rd5 27. Nd4 Nxd4 28. Bxd4 g5 29. fxg5 Bxg5 30. Bd1 h4 31. h3 Be7 32. Bf3 Rg8 33. Ra5 Qd7 34. Rba1 Bd8 35. Bb6 Rg3 36. Bxd8 Qxd8 37. Ra8+ Bxa8 38. Qa7+ Kc8 39. Qxa8+ Kd7 40. Ra7+ Ke8 41. Bxd5 Qxa8 42. Rxa8+ Kf7 43. Ra7+ Kg6 44. Bf3 f4 45. Rb7 1-0

[Event "Oberliga Ost-B 1920"]
[Site "Germany"]
[Date "2020.01.19"]
[Round "7.6"]
[White "Kayser, Felix"]
[Black "Kirchner, Markus"]
[Result "1/2-1/2"]
[WhiteElo "2100"]
[BlackElo "2006"]
[PlyCount "35"]
[EventDate "2019.09.29"]
[EventType "team-tourn"]
[EventRounds "11"]
[EventCountry "GER"]
[SourceTitle "EXT 2021"]
[Source "ChessBase"]
[SourceDate "2020.10.23"]
[SourceVersion "1"]
[SourceVersionDate "2020.10.23"]
[SourceQuality "1"]
[WhiteTeam "Wiesbaden"]
[BlackTeam "Schoeneck"]
[WhiteTeamCountry "GER"]
[BlackTeamCountry "GER"]

1. e4 e6 2. d4 d5 3. exd5 exd5 4. Nf3 Nf6 5. Bd3 c5 6. Qe2+ Be7 7. dxc5 0-0 8. 0-0 Bxc5 9. Bg5 Nc6 10. Nc3 Be6 11. a3 Be7 12. Qd2 Qd7 13. Rfe1 Rfe8 14. Bb5 a6 15. Ne5 Qc7 16. Nxc6 bxc6 17. Bd3 c5 18. Bf1 1/2-1/2

[Event "Oberliga Ost-B 1920"]
[Site "Germany"]
[Date "2019.12.08"]
[Round "5.6"]
[White "Kirchner, Markus"]
[Black "Reucker, Friedrich"]
[Result "0-1"]
[WhiteElo "2006"]
[BlackElo "2046"]
[PlyCount "90"]
[EventDate "2019.09.29"]
[EventType "team-tourn"]
[EventRounds "11"]
[EventCountry "GER"]
[SourceTitle "EXT 2021"]
[Source "ChessBase"]
[SourceDate "2020.10.23"]
[SourceVersion "1"]
[SourceVersionDate "2020.10.23"]
[SourceQuality "1"]
[WhiteTeam "Schoeneck"]
[BlackTeam "Erfurt Empor"]
[WhiteTeamCountry "GER"]
[BlackTeamCountry "GER"]

1. e4 c6 2. Nc3 d5 3. Nf3 dxe4 4. Nxe4 Nf6 5. Nxf6+ exf6 6. d4 Bd6 7. Bd3 0-0 8. 0-0 Bg4 9. h3 Bh5 10. Re1 Nd7 11. c3 Qc7 12. Be3 Rfe8 13. Kh1 Bg6 14. Bxg6 hxg6 15. Qd3 f5 16. Rad1 Nf6 17. Ng5 Bf4 18. Nf3 Ne4 19. Kg1 Rad8 20. Bxf4 Qxf4 21. Qe3 Qxe3 22. Rxe3 f6 23. Rde1 Kf7 24. h4 Nd6 25. Nd2 Rxe3 26. Rxe3 Rh8 27. g3 f4 28. Rf3 fxg3 29. fxg3 Re8 30. Kf2 Re6 31. b3 b6 32. Rd3 g5 33. hxg5 fxg5 34. Re3 Rf6+ 35. Ke2 Nf5 36. Rd3 Kg6 37. Nc4 Kh5 38. Ne5 Nh6 39. Rd1 g4 40. Nd3 Nf5 41. Kf2 Kg5 42. d5 Ne7+ 43. Ke2 Nxd5 44. Kd2 Rf3 45. Rg1 Nf6 0-1

[Event "Oberliga Ost-B 1920"]
[Site "Germany"]
[Date "2019.12.07"]
[Round "4.6"]
[White "Mehlhorn, Uwe"]
[Black "Kirchner, Markus"]
[Result "1/2-1/2"]
[WhiteElo "2073"]
[BlackElo "2006"]
[PlyCount "69"]
[EventDate "2019.09.29"]
[EventType "team-tourn"]
[EventRounds "11"]
[EventCountry "GER"]
[SourceTitle "EXT 2021"]
[Source "ChessBase"]
[SourceDate "2020.10.23"]
[SourceVersion "1"]
[SourceVersionDate "2020.10.23"]
[SourceQuality "1"]
[WhiteTeam "Stadtilm Blau Weiss"]
[BlackTeam "Schoeneck"]
[WhiteTeamCountry "GER"]
[BlackTeamCountry "GER"]

1. Nf3 f5 2. d3 Nf6 3. e4 d6 4. Nc3 g6 5. Be2 Bg7 6. 0-0 0-0 7. exf5 Bxf5 8. d4 c6 9. a4 Qc7 10. Re1 Re8 11. Bc4+ d5 12. Bd3 Bxd3 13. Qxd3 Nbd7 14. Re6 Nf8 15. Re2 N8d7 16. g3 Nh5 17. Bg5 Qd6 18. Rae1 e5 19. dxe5 Nxe5 20. Nxe5 Rxe5 21. Rxe5 Bxe5 22. Bd2 Rd8 23. Qe2 Bf6 24. Qg4 Ng7 25. h4 Qd7 26. Qxd7 Rxd7 27. Nd1 Nf5 28. Kg2 Kf7 29. Bf4 Nd4 30. c3 Nb3 31. Ne3 Nc5 32. Ra1 Nd3 33. Rb1 Nxf4+ 34. gxf4 Bxh4 35. Rh1 1/2-1/2

[Event "Heusenstamm Sparkassen op-A 6th"]
[Site "Heusenstamm"]
[Date "2019.11.22"]
[Round "2"]
[White "Koellner, Ruben Gideon"]
[Black "Kirchner, Markus"]
[Result "1-0"]
[WhiteElo "2268"]
[BlackElo "2038"]
[PlyCount "133"]
[EventDate "2019.11.21"]
[EventType "swiss"]
[EventRounds "7"]
[EventCountry "GER"]
[SourceTitle "CBM 194 Extra"]
[Source "ChessBase"]
[SourceDate "2020.03.31"]
[SourceVersion "1"]
[SourceVersionDate "2020.03.31"]
[SourceQuality "1"]

1. d4 f5 2. Bg5 Nf6 3. Bxf6 exf6 4. e3 d5 5. Bd3 Be6 6. Qf3 Qd7 7. Ne2 g6 8. h4 h5 9. Nbc3 c6 10. Nf4 Bf7 11. 0-0-0 Bd6 12. Rde1 Qc7 13. Kb1 Nd7 14. Ka1 0-0-0 15. Nb1 Rde8 16. g3 Kb8 17. Nd2 Nb6 18. Qe2 Nc8 19. c4 Bxf4 20. gxf4 dxc4 21. Nxc4 Ne7 22. Qd2 Nd5 23. Rc1 Qe7 24. a3 Rc8 25. b4 Rhd8 26. Na5 Qd7 27. Qb2 Nb6 28. Bc2 Bd5 29. Rhg1 Qf7 30. Bb3 Rg8 31. Rg3 Rc7 32. Rcg1 Kc8 33. Bc2 Be6 34. Qb1 Kb8 35. Nb3 Nc4 36. Qc1 b6 37. Nd2 Nd6 38. Qb1 Nb5 39. Qb2 Rcc8 40. Bd3 Nd6 41. f3 Rce8 42. Qc2 Bd7 43. e4 fxe4 44. fxe4 f5 45. e5 Nc8 46. Qc4 Qh7 47. Nf3 Ne7 48. Ng5 Qg7 49. Qc1 Nd5 50. Bc4 Be6 51. Nxe6 Rxe6 52. Qc2 Qd7 53. Qa2 Kb7 54. b5 Nxf4 55. Bxe6 Qxd4+ 56. Kb1 Qe4+ 57. Qc2 Qxc2+ 58. Kxc2 Nxe6 59. Rxg6 Re8 60. Rd1 c5 61. Rd7+ Kb8 62. Kc3 Nc7 63. a4 f4 64. Rgg7 Ne6 65. Rgf7 Nd4 66. Rxd4 cxd4+ 67. Kxd4 1-0

[Event "GER-chT U14"]
[Site "Magdeburg"]
[Date "2018.12.30"]
[Round "7.1"]
[White "Hetzner, Hannes"]
[Black "Kirchner, Markus"]
[Result "1-0"]
[WhiteElo "1895"]
[BlackElo "1928"]
[PlyCount "48"]
[EventDate "2018.12.27"]
[EventType "team-swiss"]
[EventRounds "7"]
[EventCountry "GER"]
[SourceTitle "CBM 188 Extra"]
[Source "ChessBase"]
[SourceDate "2019.02.26"]
[SourceVersion "1"]
[SourceVersionDate "2019.02.26"]
[SourceQuality "1"]
[WhiteTeam "Erlangen"]
[BlackTeam "Schoeneck"]
[WhiteTeamCountry "GER"]
[BlackTeamCountry "GER"]

1. e4 e6 2. d4 d5 3. Nd2 Nf6 4. e5 Nfd7 5. Bd3 c5 6. c3 Nc6 7. Ne2 cxd4 8. cxd4 f6 9. exf6 Nxf6 10. 0-0 Bd6 11. Nf3 0-0 12. Bf4 Bxf4 13. Nxf4 Ne4 14. Qc1 Ng5 15. Nxg5 Qxg5 16. Bxh7+ Kxh7 17. Nxe6 Qxc1 18. Nxf8+ Kg8 19. Raxc1 Kxf8 20. Rfe1 Bd7 21. Rc5 Re8 22. Rxe8+ Kxe8 23. Rxd5 Ke7 24. f3 b6 1-0

[Event "GER-chT U14"]
[Site "Magdeburg"]
[Date "2018.12.29"]
[Round "6.1"]
[White "Kirchner, Markus"]
[Black "Meier, Silas"]
[Result "1-0"]
[WhiteElo "1928"]
[BlackElo "1758"]
[PlyCount "91"]
[EventDate "2018.12.27"]
[EventType "team-swiss"]
[EventRounds "7"]
[EventCountry "GER"]
[SourceTitle "CBM 188 Extra"]
[Source "ChessBase"]
[SourceDate "2019.02.26"]
[SourceVersion "1"]
[SourceVersionDate "2019.02.26"]
[SourceQuality "1"]
[WhiteTeam "Schoeneck"]
[BlackTeam "Paderborn"]
[WhiteTeamCountry "GER"]
[BlackTeamCountry "GER"]

1. e4 e6 2. d4 d5 3. Nd2 Nf6 4. e5 Nfd7 5. Bd3 c5 6. c3 Nc6 7. Ne2 Qb6 8. Nf3 cxd4 9. cxd4 f6 10. exf6 Nxf6 11. 0-0 Bd6 12. a3 0-0 13. Nc3 e5 14. dxe5 Nxe5 15. Nxe5 Bxe5 16. Nxd5 Nxd5 17. Qh5 Bxh2+ 18. Qxh2 Nf6 19. Bg5 h6 20. Be3 Qxb2 21. Qd6 Qc3 22. Rac1 Qa5 23. Bc4+ Rf7 24. Bxf7+ Kxf7 25. Rc7+ Kg6 26. Qg3+ Bg4 27. f3 Re8 28. Bf4 Qb6+ 29. Kh1 Qb5 30. Rcc1 h5 31. fxg4 hxg4 32. Qh4 Re2 33. Rfe1 Ra2 34. Be5 Qd5 35. Qg3 Qd7 36. Rcd1 Qc8 37. Bxf6 gxf6 38. Qd3+ f5 39. Qd6+ Kh5 40. Qh2+ Kg5 41. Rd6 Qf8 42. Rf1 Re2 43. Qf4+ Kh5 44. Rd5 Kh4 45. Rxf5 Qxa3 46. Qh2+ 1-0

[Event "Oberliga Ost-B 1819"]
[Site "Germany"]
[Date "2018.12.16"]
[Round "5.8"]
[White "Kirchner, Markus"]
[Black "Hoeck, Raimund"]
[Result "1/2-1/2"]
[WhiteElo "1928"]
[BlackElo "2017"]
[PlyCount "50"]
[EventDate "2018.10.21"]
[EventType "team-tourn"]
[EventRounds "11"]
[EventCountry "GER"]
[SourceTitle "EXT 2020"]
[Source "ChessBase"]
[SourceDate "2019.10.17"]
[SourceVersion "1"]
[SourceVersionDate "2019.10.17"]
[SourceQuality "1"]
[WhiteTeam "Schoeneck"]
[BlackTeam "Griesheim II"]
[WhiteTeamCountry "GER"]
[BlackTeamCountry "GER"]

1. e4 c5 2. Nf3 d6 3. d4 cxd4 4. Nxd4 Nf6 5. f3 Nc6 6. c4 g6 7. Nc3 Bg7 8. Be3 0-0 9. Be2 Bd7 10. 0-0 Nxd4 11. Bxd4 Bc6 12. b4 b6 13. Rc1 Ne8 14. Qd2 Bxd4+ 15. Qxd4 Ng7 16. Rfd1 Re8 17. Rd2 Rc8 18. Rcd1 Qc7 19. f4 Rcd8 20. Nd5 Qb7 21. Bf3 Ne6 22. Qe3 Nc7 23. Nc3 Qa8 24. Rd3 Bb7 25. R3d2 Bc6 1/2-1/2

[Event "Heusenstamm Sparkassen op-A 5th"]
[Site "Heusenstamm"]
[Date "2018.11.22"]
[Round "1"]
[White "Kirchner, Markus"]
[Black "Dunsbach, Ralf"]
[Result "0-1"]
[WhiteElo "1887"]
[BlackElo "2159"]
[PlyCount "26"]
[EventDate "2018.11.22"]
[EventType "swiss"]
[EventRounds "7"]
[EventCountry "GER"]
[SourceTitle "CBM 188 Extra"]
[Source "ChessBase"]
[SourceDate "2019.02.26"]
[SourceVersion "1"]
[SourceVersionDate "2019.02.26"]
[SourceQuality "1"]

1. e4 c5 2. Nf3 d6 3. d4 cxd4 4. Nxd4 Nf6 5. f3 e5 6. Nb3 d5 7. Bg5 d4 8. c3 Nc6 9. Bb5 Be6 10. 0-0 Qb6 11. Bxc6+ bxc6 12. cxd4 exd4 13. Qxd4 Bxb3 0-1

[Event "Heusenstamm Sparkassen op-A 4th"]
[Site "Heusenstamm"]
[Date "2017.11.26"]
[Round "6"]
[White "Angermuende, Dirk"]
[Black "Kirchner, Markus"]
[Result "1-0"]
[WhiteElo "1989"]
[BlackElo "1849"]
[PlyCount "83"]
[EventDate "2017.11.23"]
[EventType "swiss"]
[EventRounds "7"]
[EventCountry "GER"]
[SourceTitle "EXT 2019"]
[Source "ChessBase"]
[SourceDate "2018.10.10"]
[SourceVersion "1"]
[SourceVersionDate "2018.10.10"]
[SourceQuality "1"]

1. e4 e6 2. d4 d5 3. Nd2 Nf6 4. e5 Nfd7 5. Bd3 c5 6. c3 Nc6 7. Ne2 Qb6 8. Nf3 cxd4 9. cxd4 f6 10. exf6 Nxf6 11. 0-0 Bd6 12. h3 0-0 13. Nc3 Bd7 14. a3 Rae8 15. Be3 a6 16. b4 Qc7 17. Rc1 Qb8 18. Bb1 a5 19. b5 Na7 20. a4 Nc8 21. Re1 Bb4 22. Ne5 Nb6 23. Bg5 Rc8 24. Re3 Be8 25. Rg3 Nc4 26. Bxf6 Rxf6 27. Qg4 Bf8 28. Qh4 Rf5 29. Bxf5 exf5 30. Nxd5 Nxe5 31. Rxc8 Qxc8 32. dxe5 Bg6 33. Ne7+ Bxe7 34. Qxe7 f4 35. Rg5 f3 36. e6 fxg2 37. Rc5 Qf8 38. Qxf8+ Kxf8 39. Rc8+ Ke7 40. Rc7+ Kxe6 41. Rxb7 Kd6 42. Rb6+ 1-0

[Event "Heusenstamm Sparkassen op-A 4th"]
[Site "Heusenstamm"]
[Date "2017.11.23"]
[Round "1"]
[White "Kirchner, Markus"]
[Black "Rosenberger, Frank"]
[Result "0-1"]
[WhiteElo "1849"]
[BlackElo "2141"]
[PlyCount "78"]
[EventDate "2017.11.23"]
[EventType "swiss"]
[EventRounds "7"]
[EventCountry "GER"]
[SourceTitle "EXT 2019"]
[Source "ChessBase"]
[SourceDate "2018.10.10"]
[SourceVersion "1"]
[SourceVersionDate "2018.10.10"]
[SourceQuality "1"]

1. e4 e6 2. d4 d5 3. Nd2 Nf6 4. e5 Nfd7 5. f4 c5 6. c3 Nc6 7. Ndf3 cxd4 8. cxd4 f5 9. Bd3 Be7 10. Ne2 0-0 11. 0-0 Nb6 12. Ng3 Bd7 13. Be3 Nb4 14. Bb1 Nc4 15. Bc1 a5 16. b3 Nb6 17. a3 Na6 18. Bd3 a4 19. b4 Nc7 20. Ne1 Bb5 21. Ne2 Bc4 22. Nc3 Qd7 23. Bb2 Bxd3 24. Nxd3 Nc4 25. Qe2 Nb5 26. Nxb5 Qxb5 27. Rf3 b6 28. Rh3 g6 29. Bc3 Rfc8 30. Bb2 Rc7 31. g4 Nxb2 32. Qxb2 fxg4 33. Rg3 Rac8 34. Ne1 Bh4 35. Rxg4 Bxe1 36. Rxe1 Rc2 37. Qb1 Qd3 38. Qd1 Rd2 39. Qb1 Rcc2 0-1

[Event "Korbach op 9th"]
[Site "Korbach"]
[Date "2017.10.20"]
[Round "2"]
[White "Koerber, Thomas1111"]
[Black "Kirchner, Markus"]
[Result "1-0"]
[WhiteElo "1765"]
[BlackElo "1884"]
[PlyCount "83"]
[EventDate "2017.10.19"]
[EventType "swiss"]
[EventRounds "7"]
[EventCountry "GER"]
[SourceTitle "CBM 181 Extra"]
[Source "ChessBase"]
[SourceDate "2017.12.12"]
[SourceVersion "1"]
[SourceVersionDate "2017.12.12"]
[SourceQuality "1"]

1. Nf3 f5 2. d4 Nf6 3. Bg5 Ne4 4. Nbd2 Nxg5 5. Nxg5 e5 6. Ngf3 e4 7. Ne5 d6 8. Nec4 d5 9. Ne5 Bd6 10. e3 0-0 11. f4 Bxe5 12. dxe5 c5 13. Nb3 Be6 14. c3 b6 15. Qc2 Nc6 16. Bb5 Qc7 17. Rd1 c4 18. Nc1 Nd8 19. Qf2 a6 20. Ba4 b5 21. Bc2 a5 22. 0-0 Nc6 23. Ne2 Rfd8 24. Rd2 Rd7 25. Rfd1 Rad8 26. h3 Qb6 27. Kh2 Rf8 28. Rb1 Ra7 29. b3 Qc5 30. Rc1 Qa3 31. Bd1 b4 32. bxc4 dxc4 33. Rd6 Nd8 34. Rc2 b3 35. axb3 cxb3 36. Rcd2 b2 37. Bc2 Bb3 38. Bb1 Nf7 39. Rb6 a4 40. Nd4 Qc5 41. Rc6 Qa5 42. Rxb2 1-0

[Event "Vellmar op 9th"]
[Site "Vellmar"]
[Date "2017.07.15"]
[Round "5"]
[White "Kirchner, Markus"]
[Black "Kelm, Daniel"]
[Result "1/2-1/2"]
[WhiteElo "1820"]
[BlackElo "1950"]
[PlyCount "87"]
[EventDate "2017.07.13"]
[EventType "swiss"]
[EventRounds "7"]
[EventCountry "GER"]
[SourceTitle "CBM 179 Extra"]
[Source "ChessBase"]
[SourceDate "2017.08.23"]
[SourceVersion "1"]
[SourceVersionDate "2017.08.23"]
[SourceQuality "1"]

1. e4 c6 2. d4 d5 3. Nc3 dxe4 4. Nxe4 Nf6 5. Nxf6+ exf6 6. Nf3 Bd6 7. Bd3 0-0 8. 0-0 Qc7 9. c3 Bg4 10. h3 Bh5 11. Be3 Re8 12. Re1 Nd7 13. Rc1 c5 14. Be2 Bf4 15. Qd2 Bxe3 16. fxe3 f5 17. Ng5 Bg6 18. Bd3 h6 19. Nf3 Qd8 20. Qc2 Qf6 21. Bb5 Re7 22. Bxd7 Rxd7 23. Ne5 Re7 24. Rf1 Qg5 25. Rce1 Rae8 26. Qf2 Qf6 27. Qf3 Qb6 28. Rf2 cxd4 29. exd4 f6 30. Nxg6 Rxe1+ 31. Kh2 Qd6+ 32. g3 Qa6 33. Qd5+ Qe6 34. Qxb7 Qe4 35. Qxe4 fxe4 36. Nf4 e3 37. Re2 Rd1 38. Kg2 Rd2 39. Kf3 Kf7 40. Nd5 f5 41. Nxe3 Rxe2 42. Kxe2 g5 43. Kf3 Ke6 44. c4 1/2-1/2

[Event "Vellmar op 9th"]
[Site "Vellmar"]
[Date "2017.07.14"]
[Round "2"]
[White "Held, Carsten"]
[Black "Kirchner, Markus"]
[Result "1-0"]
[WhiteElo "2049"]
[BlackElo "1820"]
[PlyCount "68"]
[EventDate "2017.07.13"]
[EventType "swiss"]
[EventRounds "7"]
[EventCountry "GER"]
[SourceTitle "CBM 179 Extra"]
[Source "ChessBase"]
[SourceDate "2017.08.23"]
[SourceVersion "1"]
[SourceVersionDate "2017.08.23"]
[SourceQuality "1"]

1. Nf3 f5 2. c4 Nf6 3. g3 g6 4. Bg2 Bg7 5. Nc3 0-0 6. d3 d6 7. Rb1 e5 8. 0-0 h6 9. b4 g5 10. a4 Qe8 11. Nd5 Nxd5 12. cxd5 f4 13. Qc2 Qf7 14. Nd2 Bf5 15. b5 Rc8 16. Ba3 Nd7 17. Rfc1 Nf6 18. Qb3 Qh5 19. Nf3 Bh3 20. Rc2 Ng4 21. Bh1 fxg3 22. hxg3 Rf8 23. Rxc7 Bf1 24. Qc2 Qh3 25. Bxd6 Rxf3 26. exf3 Bxd3 27. Rxg7+ Kh8 28. fxg4 Bxc2 29. Bxe5 Bxb1 30. Rxg5+ Kh7 31. Rg7+ Kh8 32. Rg6+ Kh7 33. Rg7+ Kh8 34. Bg2 Re8 1-0